Statistics for Oscar Nominated Actresses by Picture #1

Click here to take the quiz!

General Stats

  • This quiz has been taken 102,379 times
    (102,338 since last reset)
  • The average score is 12 of 20

Answer Stats

Answer% Correct
Halle Berry
79%
Natalie Portman
79%
Emma Stone
76%
Meryl Streep
76%
Salma Hayek
71%
Diane Keaton
66%
Julianne Moore
66%
Kate Winslet
66%
Helen Mirren
61%
Glenn Close
60%
Jane Fonda
57%
Elizabeth Taylor
56%
Anne Hathaway
55%
Bette Midler
54%
Goldie Hawn
53%
Hilary Swank
52%
Geena Davis
48%
Judi Dench
47%
Jennifer Lawrence
41%
Katharine Hepburn
22%

Score Distribution

Percentile by Number Answered

Percent of People with Each Score

Your Score History

You have not taken this quiz since the last reset